Entwicklungssoziologische Perspektiven für die kulturelle Situation von Minderheiten in Europa
| Main Author: | |
|---|---|
| Format: | Print Article |
| Language: | German |
| Published: |
1981
|
| In: |
Schweizerische Zeitschrift für Soziologie
Year: 1981, Issue: 7, Pages: 199-221 |
| Availability in Tübingen: | Present in Tübingen. IFK: 5250 |
| Check availability: | HBZ Gateway |
| Keywords: |
MARC
| LEADER | 00000caa a22000002c 4500 | ||
|---|---|---|---|
| 001 | 162909918X | ||
| 003 | DE-627 | ||
| 005 | 20220607112753.0 | ||
| 007 | tu | ||
| 008 | 120228s1981 xx ||||| 00| ||ger c | ||
| 035 | |a (DE-627)162909918X | ||
| 035 | |a (DE-576)359847250 | ||
| 035 | |a (DE-599)BSZ359847250 | ||
| 040 | |a DE-627 |b ger |c DE-627 |e rakwb | ||
| 041 | |a ger | ||
| 100 | 1 | |a Endruweit, Günter |d 1939-2021 |0 (DE-588)120831554 |0 (DE-627)080914004 |0 (DE-576)29240672X |4 aut | |
| 109 | |a Endruweit, Günter 1939-2021 |a Entorūvaito, G. 1939-2021 | ||
| 245 | 1 | 0 | |a Entwicklungssoziologische Perspektiven für die kulturelle Situation von Minderheiten in Europa |c Günter Endruweit |
| 264 | 1 | |c 1981 | |
| 336 | |a Text |b txt |2 rdacontent | ||
| 337 | |a ohne Hilfsmittel zu benutzen |b n |2 rdamedia | ||
| 338 | |a Band |b nc |2 rdacarrier | ||
| 773 | 0 | 8 | |i In |t Schweizerische Zeitschrift für Soziologie |d Zürich : Seismo Press, 1975 |g (1981), 7, Seite 199-221 |w (DE-627)129322369 |w (DE-600)131166-9 |w (DE-576)014555425 |x 0379-3664 |7 nnas |
| 773 | 1 | 8 | |g year:1981 |g number:7 |g pages:199-221 |
| 951 | |a AR | ||
| ELC | |b 1 | ||
| LOK | |0 000 xxxxxcx a22 zn 4500 | ||
| LOK | |0 001 3276295334 | ||
| LOK | |0 003 DE-627 | ||
| LOK | |0 004 162909918X | ||
| LOK | |0 005 20130628134815 | ||
| LOK | |0 008 120228||||||||||||||||ger||||||| | ||
| LOK | |0 040 |a DE-21-110 |c DE-627 |d DE-21-110 | ||
| LOK | |0 689 |a s |a MInderheiten | ||
| LOK | |0 689 |a s |a Entwicklungssoziologie | ||
| LOK | |0 689 |a s |a Marginalisierung | ||
| LOK | |0 689 |a s |a Anomietheorie | ||
| LOK | |0 852 |a DE-21-110 | ||
| LOK | |0 852 1 |c 5250 |m p |9 00 | ||
| LOK | |0 935 |a K110 | ||
| LOK | |0 938 |k p | ||
| LOK | |0 939 |a 28-02-12 |b l01 | ||
| ORI | |a SA-MARC-krimdoka001.raw | ||
| SIG | |a IFK: 5250 | ||
